| 000 | 00325nam a22001217a 4500 | ||
|---|---|---|---|
| 082 |
_a303.625 _bBEN _cN-01,P-146 |
||
| 100 |
_aBenjamin,Daniel _937574 |
||
| 245 |
_aNext Attack _cBenjamin,Daniel |
||
| 300 |
_axvii, 331p. : _c18cm. |
||
| 526 |
_a0 _b0 _c0 _d303_625000000000000_BEN |
||
| 650 |
_aNUST _96342 |
||
| 942 |
_2ddc _cBK |
||
| 999 |
_c542417 _d542417 |
||